| 000 | 00727cam a2200229 a 4500 | ||
|---|---|---|---|
| 001 | 000024946 | ||
| 005 | 20260423100041.0 | ||
| 008 | 901219s1994 sp 000 0 spa d | ||
| 020 | _a8420646407 | ||
| 040 |
_aDO-SdBNP _bspa _cBNPHU |
||
| 082 |
_a362.2909 _bE74d |
||
| 100 | 1 |
_aEscohotado, Antonio, _d1941- _951196 |
|
| 245 | 1 | 4 |
_aLas drogas : _bde los orígenes a la prohibición / _cAntonio Escohotado. |
| 260 |
_aMadrid, : _bAlianza Editorial, _bGrupo Anaya, _c1994. |
||
| 300 |
_a96 p. ; _c15 cm. |
||
| 490 | 1 |
_aAlianza Cien _v40 |
|
| 500 | _aLibro de bolsillo | ||
| 650 | 0 |
_aMedicamentos _913950 |
|
| 650 | 0 |
_aNarcóticos _93169 |
|
| 650 | 4 |
_aControl de drogas y narcóticos _924289 |
|
| 830 | 0 |
_aAlianza Cien ; _n40 _951197 |
|
| 999 |
_c24439 _d24439 |
||